| 000 | 00000nas 22000008a 4500 |
| 001 | 9.835451 |
| 003 | CaOODSP |
| 005 | 20221107150652 |
| 007 | cr ||||||||||| |
| 008 | 170419c20179999oncar p o f000 a|eng|d |
| 022 | |a2560-7162 |
| 040 | |aCaOODSP|beng |
| 043 | |an-cn--- |
| 086 | 1 |aFo1-17E-PDF |
| 245 | 00|aForest fact book |h[electronic resource]. |
| 260 | |a[Ottawa] : |bNatural Resources Canada, |cc2017- |
| 310 | |aAnnual |
| 362 | 1 |aBegan with 2016/2017. |
| 500 | |aIssued also in French under title: Cahier d’information sur la forêt. |
| 500 | |a"The purpose of the Forest Fact Book is to provide key information related to Canada's forest industry and forest products in a format that is easy to consult"--Preface, 2016/2017. |
| 692 | 07|2gccst|aForestry |
| 710 | 1 |aCanada. |bNatural Resources Canada. |bCanadian Forest Service. |
| 775 | 08|tCahier d’information sur la forêt |w(CaOODSP)9.835457 |
| 776 | 0#|tForest fact book |w(CaOODSP)9.835454 |